000
00320nam a2200133Ia 4500
008
191201s1976 xx 000 0 und d
082
_a
677.21
_b
CLP
100
_a
CLEGG, J K
245
0
_a
Practical Cotton Carding
260
_a
N.Delhi
_b
Mahajan Brother
_c
1976
300
_a
123
650
_a
B.Tech(TE)
942
_2
ddc
_c
BK
999
_c
2228
_d
2228